00836cas a22002297a 450000500170000000800410001701000100005801100100006802200140007803500100009224501140010226001270021630000070034331000150035036200190036565000670038465000430045186600340049486600220052886600340055086600220058420220329142325.0000626 mx q p rnn 0 b1spa d a81717 a82689 a0185-0903 a9319000aClasec/por Universidad Nacional Autónoma de Mëxico. Centro de Información Científica y Humanística0 aMéxico, D. F. :bUniversidad Nacional Autónoma de Mëxico. Centro de Información Científica y Humanística,c19- av. aTrimestral av.20 n.4, 199614aCiencias socialesxBibliografíaxPublicaciones periódicas.24aHumanismoxPublicaciones periódicas. av.11 n.3-v.12 n.1 (1987-1988) av.12 n.3-4 (1988) av.13 n.2-v.19 n.3 (1989-1995) av.20 n.2,4 (1996)